Statistics for African Capitals with Letter B

Click here to take the quiz!

General Stats

  • This quiz has been taken 135 times
  • The average score is 10 of 17

Answer Stats

Capital% Correct
Rabat
75%
Bamako
74%
Brazzaville
72%
Abuja
66%
Addis Ababa
66%
Bangui
66%
Banjul
66%
Nairobi
61%
Juba
59%
Gaborone
58%
Bloemfontein
57%
Mbabane
51%
Djibouti
49%
Libreville
47%
Bissau
43%
Bujumbura
42%
Malabo
39%

Score Distribution

Percentile by Number Answered

Percent of People with Each Score

Your Score History

You have not taken this quiz